Score 0/12 Timer 01:00
28 Plays Today
% Correct
Asia
92.6%
North America
92.1%
Pacific Ocean
91.8%
South America
91.2%
Europe
89.8%
Atlantic Ocean
88.8%
Indian Ocean
87.8%
Africa
86.6%
Oceania
82.3%
Southern Ocean
76.1%
Arctic Ocean
72.8%
Antarctica
63.9%
Remove Ads.
Support Sporcle.
Get the best of Sporcle when you Go Orange. This ad-free experience offers more features, more stats, and more fun while also helping to support Sporcle. Thank you for becoming a member.

You're not logged in!

Compare scores with friends on all Sporcle quizzes.
OR
Log In

Show Comments

Extras

Top Quizzes Today


Score Distribution

Your Account Isn't Verified!

In order to create a playlist on Sporcle, you need to verify the email address you used during registration. Go to your Sporcle Settings to finish the process.

Report this User

Report this user for behavior that violates our Community Guidelines.

Details: